|
|
|
|
| LEADER |
00000cam a2200000 4500 |
| 001 |
vtls011922764 |
| 003 |
SK-MaSNL |
| 005 |
20260301225451.0 |
| 008 |
210906s2019 xo o grn 000 0 slo |
| 015 |
|
|
|a SNBA2020/11
|
| 020 |
|
|
|a 9788057013204
|q (viazané)
|
| 035 |
|
|
|a urn:nbn:sk:snk-am00fiyh
|
| 035 |
|
|
|a urn:nbn:sk:snk-am3iuo7
|
| 035 |
|
|
|a 2DA2315F-30EB-4126-AF23-44CB75D56642
|
| 040 |
|
|
|a SNK
|b slo
|c SNK
|e rda
|
| 041 |
0 |
|
|a slo
|
| 043 |
|
|
|a e-xo---
|
| 044 |
|
|
|a xo
|c SK
|
| 072 |
|
7 |
|a 94(437.6)
|x Dejiny Slovenska
|2 konspekt
|
| 080 |
|
|
|a 911.375(091)
|2 2011
|
| 080 |
|
|
|a 904
|2 2011
|
| 080 |
|
|
|a (437.613.629)
|2 2011
|
| 080 |
|
|
|a (084.11)
|2 2011
|
| 245 |
1 |
0 |
|a Taká bola Považská Bystrica
|b obrazový sprievodca
|c Milan Belás
|
| 246 |
3 |
0 |
|a Považská Bystrica
|
| 250 |
|
|
|a Prvé vydanie
|
| 264 |
|
1 |
|a Považská Bystrica
|b Milan Belás
|c 2019
|
| 300 |
|
|
|a 536 strán
|b fotografie
|
| 336 |
|
|
|a text
|b txt
|2 rdacontent
|
| 336 |
|
|
|a statický obraz
|b sti
|2 rdacontent
|
| 337 |
|
|
|a bez média
|b n
|2 rdamedia
|
| 338 |
|
|
|a zväzok
|b nc
|2 rdacarrier
|
| 504 |
|
|
|a Obsahuje bilbiografiu na strane 534
|
| 650 |
0 |
7 |
|a dejiny miest
|2 SNKPH
|9 164833
|
| 650 |
0 |
7 |
|a historické pamiatky
|2 SNKPH
|9 75346
|
| 650 |
0 |
7 |
|a History of cities and towns
|2 SNKPHeng
|9 267901
|
| 650 |
0 |
7 |
|a Monuments
|2 SNKPHeng
|9 306783
|
| 651 |
|
7 |
|a Považská Bystrica (Slovensko)
|2 SNKPHgeo
|9 28796
|
| 651 |
|
7 |
|a Považská Bystrica (Slovakia)
|2 SNKPHeng
|9 319698
|
| 655 |
|
7 |
|a obrazové publikácie
|2 SNKPH
|9 70343
|
| 655 |
|
7 |
|a Pictorial works
|2 SNKPHeng
|9 284468
|
| 919 |
|
|
|a 978-80-570-1320-4
|
| 958 |
|
|
|a NB
|
| 999 |
|
|
|c 950952
|d 952882
|
| 952 |
|
|
|a SNK
|b SNK
|y PREZ
|7 0
|p 17A1424502
|o snkSB 95339
|i snk2020/5932
|8 0
|0 0
|1 0
|4 0
|d 2020-03-09
|f 1
|l 0
|r 2025-05-15 00:00:00
|w 2026-02-24
|
| 952 |
|
|
|a SNK
|b SNK
|y VYP
|7 0
|p 17A1424503
|o snkSB 95339 D1
|i snk2020/5933
|8 0
|0 0
|1 0
|4 0
|d 2020-03-09
|l 0
|r 2026-02-24 09:47:52
|w 2026-02-24
|